| 000 | 00617nam a22001697a 4500 | ||
|---|---|---|---|
| 003 | OSt | ||
| 005 | 20220107122757.0 | ||
| 008 | 150327b xxu||||| |||| 00| 0 eng d | ||
| 040 | _c | ||
| 100 |
_aSuraj K (92212018) _96291 |
||
| 245 | _aModeling and simulation of high-performance polymers for aero-space applications | ||
| 502 |
_bMSc. Computational Science _c2012 - 2014 _dINT _eManoj Kumar T K _fNishanth N Nair (Indian Institute of Technology) _g"Indian Institute of Technology, Kanpur" |
||
| 650 |
_aCOMPUTATIONAL MODELING _96292 |
||
| 650 |
_aMOLECULAR MODELING _96293 |
||
| 650 |
_aGROMACS _96294 |
||
| 942 |
_2ddc _cPR |
||
| 999 |
_c4562 _d4562 |
||